Statistics for Call of Duty: Modern Warfare 3 Weapons

Click here to take the quiz!

General Stats

  • This quiz has been taken 1,900 times
    (1,898 since last reset)
  • The average score is 27 of 49

Answer Stats

TypeWeapon% Correct
Assault RifleAK-47
82%
Assault RifleACR 6.8
80%
Assault RifleM4A1
76%
Assault RifleM16A4
74%
Sniper RifleBarrett 50. cal
73%
Sub Machine GunMP5
73%
Sub Machine GunMP7
73%
LauncherRPG-7
70%
Assault RifleSCAR-L
69%
Sniper RifleMSR
67%
Sub Machine GUnP90
67%
ShotgunSpas-12
66%
Sub Machine GunUMP 45
66%
HandgunDesert Eagle
64%
ShotgunStriker
64%
Assault RifleFAD
59%
ShotgunModel 1887
59%
Handgun.44 Magnum
58%
Sniper RifleDragunov
58%
Machine PistolG18
58%
Assault RifleMK14
58%
HandgunUSP .45
58%
ShotgunAA-12
56%
LauncherJavelin
55%
Machine PistolMP9
54%
Sniper RifleL118A
52%
Assault RifleType 95
52%
Machine PistolFMG9
51%
Assault RifleG36C
50%
Sniper RifleRSASS
50%
Machine PistolSkorpion
50%
LauncherStinger
50%
Assault RifleCM901
49%
Sub Machine GunPP90M1
49%
ShotgunKSG 12
47%
HandgunFive Seven
46%
ShotgunUSAS 12
46%
Light Machine GunM60E4
45%
LauncherSMAW
45%
Sniper RifleAS50
44%
Sub Machine GunPM-9
42%
Light Machine GunL86 LSW
41%
Light Machine GunPKP Pecheneg
41%
HandgunP99
39%
Light Machine GunMG36
37%
LauncherXM25
36%
HandgunMP412
33%
Light Machine GunMK46
28%
LauncherM320 GLM
19%

Score Distribution

Percentile by Number Answered

Percent of People with Each Score

Your Score History

You have not taken this quiz since the last reset